000
00200 a2200097 4500
001
7661
100
_a
Ahmed, S
245
_a
Adibi-Dunya Khas Nuumb
260
_a
_b
Acad Punjab
_c
090
_c
6129
_d
6129
942
_a
NUST-CAE
_c
_c
32633
999
_c
242734
_d
242734